Normal view MARC view
  • Baghdad (Iraq)

Entry Geographic Name

Number of records used in: 2

001 - CONTROL NUMBER

  • control field: 11954

003 - CONTROL NUMBER IDENTIFIER

  • control field: NUST

005 - DATE AND TIME OF LATEST TRANSACTION

  • control field: 20180724053324.0

008 - FIXED-LENGTH DATA ELEMENTS

  • fixed length control field: 180724|| aca||aabn | a|a d

040 ## - CATALOGING SOURCE

  • Original cataloging agency: NUST
  • Transcribing agency: NUST

151 ## - HEADING--GEOGRAPHIC NAME

  • Geographic name: Baghdad (Iraq)
  • Form subdivision: Fiction.

670 ## - SOURCE DATA FOUND

  • Source citation: Work cat.: (NUST)174328: Christie, Agatha, 1890-1976. 2976, They came to Baghdad., 1951
© 2023 Central Library, National University of Sciences and Technology. All Rights Reserved.